Villes françaises qui ont le métro - Statistiques

Statistiques générales
  • Ce quiz a été pris 130 fois
  • Le résultat moyen est 5 sur 6
Statistiques - réponses
Depuis Ville % Correct
1900 Paris
100%
1977 Marseille
97%
1978 Lyon
96%
1983 Lille
93%
1993 Toulouse
86%
2002 Rennes
78%
Aucun quiz correspondant
Distribution des résultats
% des personnes avec chaque résultat
Percentile par nombre de réponses
Votre historique - résultats
Vous n’avez pas pris ce quiz